Detalles MARC
| 000 -CABECERA |
| campo de control de longitud fija |
00992cam a2200265 a 4500 |
| 001 - NÚMERO DE CONTROL |
| campo de control |
000019072 |
| 005 - FECHA Y HORA DE LA ÚLTIMA TRANSACCIÓN |
| campo de control |
20200929165920.0 |
| 008 - DATOS DE LONGITUD FIJA--INFORMACIÓN GENERAL |
| campo de control de longitud fija |
810901s1979 ve a b 001 0bspa d |
| 040 ## - FUENTE DE LA CATALOGACIÓN |
| Centro catalogador/agencia de origen |
DO-SdBNP |
| Lengua de catalogación |
spa |
| Centro/agencia transcriptor |
BNPHU |
| 082 ## - NÚMERO DE LA CLASIFICACIÓN DECIMAL DEWEY |
| Número de clasificación |
923.587 |
| Número de documento/Ítem |
P438f |
| 049 ## - FONDOS LOCALES (OCLC) |
| Fondos de biblioteca |
BNGR |
| 100 1# - ENTRADA PRINCIPAL--NOMBRE DE PERSONA |
| Nombre de persona |
Pérez Vila, Manuel |
| 9 (RLIN) |
3569 |
| 245 13 - MENCIÓN DE TÍTULO |
| Título |
La formación intelectual del Libertador / |
| Mención de responsabilidad, etc. |
Manuel Pérez Vila. |
| 260 ## - PUBLICACIÓN, DISTRIBUCIÓN, ETC. |
| Lugar de publicación, distribución, etc. |
Caracas, (Venezuela) : |
| Nombre del editor, distribuidor, etc. |
Ediciones de la Presidencia de la República, |
| Fecha de publicación, distribución, etc. |
1979. |
| 300 ## - DESCRIPCIÓN FÍSICA |
| Extensión |
255 p. : |
| Otras características físicas |
il. ; |
| Dimensiones |
23 cm. |
| 490 1# - MENCIÓN DE SERIE |
| Mención de serie |
Contorno bolivariano ; |
| Designación de volumen o secuencia |
4 |
| 500 ## - NOTA GENERAL |
| Nota general |
"Apéndice: La biblioteca de Bolivar y las de sus mayores": p. 187-216. |
| 500 ## - NOTA GENERAL |
| Nota general |
Incluye índice. |
| 504 ## - NOTA DE BIBLIOGRAFÍA, ETC. |
| Nota de bibliografía, etc. |
Incluye referencias bibliográficas |
| 504 ## - NOTA DE BIBLIOGRAFÍA, ETC. |
| Nota de bibliografía, etc. |
Incluye notas al pie de las páginas. |
| 600 14 - PUNTO DE ACCESO ADICIONAL DE MATERIA--NOMBRE DE PERSONA |
| Nombre de persona |
BOLÍVAR, SIMÓN, |
| Fechas asociadas al nombre |
1783-1830 |
| Subdivisión general |
BIOGRAFÍA |
| 9 (RLIN) |
18453 |
| 600 14 - PUNTO DE ACCESO ADICIONAL DE MATERIA--NOMBRE DE PERSONA |
| Nombre de persona |
BOLÍVAR, SIMÓN, |
| Fechas asociadas al nombre |
1783-1830, |
| Subdivisión general |
EDUCACIÓN |
| 9 (RLIN) |
41037 |
| 830 #0 - PUNTO DE ACCESO ADICIONAL DE SERIE-TÍTULO UNIFORME |
| Título uniforme |
Contorno Bolivariano |
| Designación de volumen o secuencia |
4 |
| 9 (RLIN) |
41038 |
| 910 ## - DATOS DE OPCIÓN DEL USUARIO (OCLC) |
| Datos de opción del usuario |
Catalogación derivada / LC |